Statistics for 50 most democratic countries in the world

Click here to take the quiz!

General Stats

  • This quiz has been taken 737 times
  • The average score is 37 of 50

Answer Stats

indexCountry% Correct
1Norway
93%
21United States of America
93%
9Finland
92%
6Australia
91%
8Canada
91%
4Denmark
91%
23Japan
90%
16United Kingdom
90%
2Sweden
89%
5New Zealand
88%
12Austria
87%
24Belgium
87%
14Germany
87%
3Iceland
87%
10Netherlands
86%
20South Korea
85%
34Estonia
84%
33Greece
84%
13Ireland
84%
27Portugal
83%
7Switzerland
83%
11Luxembourg
82%
42Lithuania
80%
40Slovakia
79%
17Czech Republic
78%
29Slovenia
78%
32Italy
77%
50Croatia
76%
28France
75%
49Hungary
75%
47Latvia
75%
31South Africa
74%
35Taiwan
73%
38India
72%
41Cyprus
71%
44Poland
70%
18Uruguay
69%
22Costa Rica
68%
15Malta
68%
46Panama
67%
37Israel
65%
25Spain
63%
19Mauritius
58%
45Brazil
57%
30Botswana
53%
36Chile
53%
43Timor-Leste
43%
26Cape Verde
34%
39Jamaica
30%
48Trinidad and Tobago
27%

Score Distribution

Percentile by Number Answered

Percent of People with Each Score

Your Score History

You have not taken this quiz